000
002730000a22001330004500
001
005977
003
MACL
040
_a
MACL
090
_c
13149
_d
13148
260
_a
Khadim ut Taleem Press Lahore,
_c
1901
350
_a
0.30
650
_a
Urdu Literature
942
_k
891
_c
Book
999
_c
13076
_d
13076